<?xml version="1.0" encoding="UTF-8"?>
<record
    xmlns:xsi="http://www.w3.org/2001/XMLSchema-instance"
    xsi:schemaLocation="http://www.loc.gov/MARC21/slim http://www.loc.gov/standards/marcxml/schema/MARC21slim.xsd"
    xmlns="http://www.loc.gov/MARC21/slim">

  <leader>00427nam a22001577a 4500</leader>
  <controlfield tag="005">20260107091220.0</controlfield>
  <controlfield tag="008">250718b        |||||||| |||| 00| 0 eng d</controlfield>
  <datafield tag="020" ind1=" " ind2=" ">
    <subfield code="a">978-178583025-9</subfield>
  </datafield>
  <datafield tag="100" ind1=" " ind2=" ">
    <subfield code="a">PACKER, NATALIE</subfield>
  </datafield>
  <datafield tag="245" ind1=" " ind2=" ">
    <subfield code="a">THE TEACHER'S GUIDE TO SEN</subfield>
  </datafield>
  <datafield tag="260" ind1=" " ind2=" ">
    <subfield code="a">CARMARTHEN</subfield>
    <subfield code="b">CROWN HOUSE</subfield>
    <subfield code="c">2017</subfield>
  </datafield>
  <datafield tag="300" ind1=" " ind2=" ">
    <subfield code="a">V,175P.</subfield>
  </datafield>
  <datafield tag="500" ind1=" " ind2=" ">
    <subfield code="a">INCLUDES AN INDEX</subfield>
  </datafield>
  <datafield tag="650" ind1=" " ind2=" ">
    <subfield code="a">EDUCATION-CHILDREN WITH DISABILITIES</subfield>
  </datafield>
  <datafield tag="942" ind1=" " ind2=" ">
    <subfield code="2">lcc</subfield>
    <subfield code="c">BK</subfield>
  </datafield>
  <datafield tag="999" ind1=" " ind2=" ">
    <subfield code="c">215931</subfield>
    <subfield code="d">215931</subfield>
  </datafield>
  <datafield tag="952" ind1=" " ind2=" ">
    <subfield code="0">0</subfield>
    <subfield code="1">0</subfield>
    <subfield code="2">lcc</subfield>
    <subfield code="4">0</subfield>
    <subfield code="6">LC3986 G7 P33  02017</subfield>
    <subfield code="7">0</subfield>
    <subfield code="8">ARTS</subfield>
    <subfield code="9">372584</subfield>
    <subfield code="a">KSUL</subfield>
    <subfield code="b">KSUL</subfield>
    <subfield code="c">DISPLAY</subfield>
    <subfield code="d">2025-07-18</subfield>
    <subfield code="i">109153</subfield>
    <subfield code="l">0</subfield>
    <subfield code="o">LC 3986 .G7P33 2017</subfield>
    <subfield code="p">000000024425</subfield>
    <subfield code="r">2025-07-18 09:57:16</subfield>
    <subfield code="t">1</subfield>
    <subfield code="w">2025-07-18</subfield>
    <subfield code="y">BK</subfield>
  </datafield>
  <datafield tag="952" ind1=" " ind2=" ">
    <subfield code="0">0</subfield>
    <subfield code="1">0</subfield>
    <subfield code="2">lcc</subfield>
    <subfield code="4">0</subfield>
    <subfield code="6">LC3986 G7 P33  02017</subfield>
    <subfield code="7">0</subfield>
    <subfield code="8">ARTS</subfield>
    <subfield code="9">374232</subfield>
    <subfield code="a">KSUL</subfield>
    <subfield code="b">KSUL</subfield>
    <subfield code="c">DISPLAY</subfield>
    <subfield code="d">2026-01-06</subfield>
    <subfield code="i">110778</subfield>
    <subfield code="l">0</subfield>
    <subfield code="o">LC 3986 .G7 P33 2017</subfield>
    <subfield code="p">000000016553</subfield>
    <subfield code="r">2026-01-06 09:25:00</subfield>
    <subfield code="t">2</subfield>
    <subfield code="w">2026-01-06</subfield>
    <subfield code="y">BK</subfield>
  </datafield>
  <datafield tag="952" ind1=" " ind2=" ">
    <subfield code="0">0</subfield>
    <subfield code="1">0</subfield>
    <subfield code="2">lcc</subfield>
    <subfield code="4">0</subfield>
    <subfield code="6">LC3986 G7 P33  02017</subfield>
    <subfield code="7">0</subfield>
    <subfield code="8">ARTS</subfield>
    <subfield code="9">374233</subfield>
    <subfield code="a">KSUL</subfield>
    <subfield code="b">KSUL</subfield>
    <subfield code="c">DISPLAY</subfield>
    <subfield code="d">2026-01-06</subfield>
    <subfield code="i">110779</subfield>
    <subfield code="l">0</subfield>
    <subfield code="o">LC 3986 .G7 P33 2017</subfield>
    <subfield code="p">000000002841</subfield>
    <subfield code="r">2026-01-06 09:25:00</subfield>
    <subfield code="t">3</subfield>
    <subfield code="w">2026-01-06</subfield>
    <subfield code="y">BK</subfield>
  </datafield>
  <datafield tag="952" ind1=" " ind2=" ">
    <subfield code="0">0</subfield>
    <subfield code="1">0</subfield>
    <subfield code="2">lcc</subfield>
    <subfield code="4">0</subfield>
    <subfield code="6">LC3986 G7 P33  02017</subfield>
    <subfield code="7">0</subfield>
    <subfield code="8">ARTS</subfield>
    <subfield code="9">374234</subfield>
    <subfield code="a">KSUL</subfield>
    <subfield code="b">KSUL</subfield>
    <subfield code="c">DISPLAY</subfield>
    <subfield code="d">2026-01-06</subfield>
    <subfield code="i">110780</subfield>
    <subfield code="l">0</subfield>
    <subfield code="o">LC 3986 .G7 P33 2017</subfield>
    <subfield code="p">000000002991</subfield>
    <subfield code="r">2026-01-06 09:25:00</subfield>
    <subfield code="t">4</subfield>
    <subfield code="w">2026-01-06</subfield>
    <subfield code="y">BK</subfield>
  </datafield>
  <datafield tag="952" ind1=" " ind2=" ">
    <subfield code="0">0</subfield>
    <subfield code="1">0</subfield>
    <subfield code="2">lcc</subfield>
    <subfield code="4">0</subfield>
    <subfield code="6">LC3986 G7 P33  02017</subfield>
    <subfield code="7">0</subfield>
    <subfield code="8">ARTS</subfield>
    <subfield code="9">374235</subfield>
    <subfield code="a">KSUL</subfield>
    <subfield code="b">KSUL</subfield>
    <subfield code="c">DISPLAY</subfield>
    <subfield code="d">2026-01-06</subfield>
    <subfield code="i">110781</subfield>
    <subfield code="l">0</subfield>
    <subfield code="o">LC 3986 .G7 P33 2017</subfield>
    <subfield code="p">000000002990</subfield>
    <subfield code="r">2026-01-06 09:25:00</subfield>
    <subfield code="t">5</subfield>
    <subfield code="w">2026-01-06</subfield>
    <subfield code="y">BK</subfield>
  </datafield>
  <datafield tag="952" ind1=" " ind2=" ">
    <subfield code="0">0</subfield>
    <subfield code="1">0</subfield>
    <subfield code="2">lcc</subfield>
    <subfield code="4">0</subfield>
    <subfield code="6">LC3986 G7 P33  02017</subfield>
    <subfield code="7">0</subfield>
    <subfield code="8">ARTS</subfield>
    <subfield code="9">374236</subfield>
    <subfield code="a">KSUL</subfield>
    <subfield code="b">KSUL</subfield>
    <subfield code="c">DISPLAY</subfield>
    <subfield code="d">2026-01-06</subfield>
    <subfield code="i">110782</subfield>
    <subfield code="l">0</subfield>
    <subfield code="o">LC 3986 .G7 P33 2017</subfield>
    <subfield code="p">000000002989</subfield>
    <subfield code="r">2026-01-06 09:25:00</subfield>
    <subfield code="t">6</subfield>
    <subfield code="w">2026-01-06</subfield>
    <subfield code="y">BK</subfield>
  </datafield>
</record>
